000
00318nam a2200145Ia 4500
100
_a
One India one people
650
_a
General
942
_c
BK
654
_a
indians
245
_a
Great Indians
260
_b
One India one people
_a
Mumbai
_c
2006
082
_a
351.812/ONE
_b
ONE
300
_a
594
546
_a
ENGLISH
999
_c
25065
_d
25065